| 000 | 00736nam a2200229Ia 4500 | ||
|---|---|---|---|
| 003 | OSt | ||
| 005 | 20260114145110.0 | ||
| 008 | 210716s2017 xx 000 0 und d | ||
| 020 | _a9781788398985 | ||
| 040 | _cAIMIT LIBRARY | ||
| 041 | _aeng | ||
| 082 |
_a621.3991 _bTHAR |
||
| 100 |
_aThakurratan, Ranjit Singh. _9251261 |
||
| 245 |
_aLearning VMware NSX: _bnext-generation network administration skills unveiled / _cBy Ranjit Singh Thakurratan. |
||
| 250 | _a2nd ed. | ||
| 260 |
_aMumbai : _bPackt Publishing Ltd , _c2017. |
||
| 300 |
_a237 p.; _bPB _c24.5 cm. |
||
| 650 |
_aNSX functional services _9251262 |
||
| 650 |
_aEdge services gateway _9251263 |
||
| 650 |
_aService composer _9251264 |
||
| 942 |
_2ddc _cBK _k621.3991 THAR |
||
| 999 |
_c196642 _d196642 |
||